000
00300nam a2200133Ia 4500
008
191201s2010 xx 000 0 und d
100
_a
OJHA, CSP
245
0
_a
Engineering Hydrology
250
_a
IMP
260
_a
N. delhi
_b
Oxford
_c
2010
300
_a
445
650
_a
B.Tech(CE)
942
_2
ddc
_c
BK
999
_c
5408
_d
5408